000 00991nam a22003015a 4500
006 a||||fr|||| 00| 0
008 090507t2007 njua|||frb||| 001 0 eng d
010 _a2005055469
020 _a0132431564
020 _a9780132431569
040 _aEG-ScBUE
_beng
_cEG-ScBUE
082 0 4 _a658.3
_bROB
_222
100 1 _aRobbins, Stephen P.,
_94616
245 1 0 _aOrganizational Behavior /
_cStephen P. Robbins, Timothy A. Judge.
250 _a12th ed.
260 _aUpper Saddle River, N.J. :
_bPearson/Prentice Hall,
_cc2007.
300 _a759 p. :
_bcol. ill., forms, col. ports. ;
_c29 cm. +
_e1 CD-ROM
500 _aIndexes : p. 719-741.
500 _aAppendix : p. -686-692.
500 _aGlindex : p.743- 759.
504 _aIncludes bibliographical references and indexes.
590 _aMenna Elemam
650 0 _aOrganizational behavior.
_94617
_2BUEsh
651 _2BUEsh
653 _cAugust2015
700 1 _aJudge, Tim.
_94618
942 _cBB
_k658.3 ROB
_2ddc
999 _c1482
_d1482